Missing Word: Grab Bag Russia Quiz Stats

 Plays Quiz Updated Nov 10, 2017

Also try: The Russia Quiz
Challenge
Share
Tweet
Embed
Score 0/20 Timer 02:00
1 Play Today
Hint Missing Word % Correct
Catherine the _____Great
98.5%
'From Russia with _____'Love
94.9%
_____ the TerribleIvan
93.9%
Leo _____Tolstoy
87%
Saint Basil's ______Cathedral
86.6%
_____ Lake - TchaikovskySwan
86%
_____ SquareRed
84.7%
'Crime and _____' - DostoevskyPunishment
84%
_____ GagarinYuri
80.1%
_____ RussianWhite/Black
80%
Hint Missing Word % Correct
Trans-_____ RailwaySiberian
76.1%
_____ MountainsUral
73%
_____ Revolution of 1917Bolshevik
68.7%
The _____ UnionSoviet
64.1%
Maria _____Sharapova
56.9%
Russian _____ DollNesting
55.2%
Lake _____Baikal
39%
Anna _____Pavlova
29.8%
_____ PushkinAlexander
29.6%
Baba _____Yaga
25.9%

Today's Daily Dose

You're not logged in!

Compare scores with friends on all Sporcle quizzes.
OR
Log In

You Might Also Like...

Show Comments

Extras

Top Quizzes Today


Score Distribution

Your Account Isn't Verified!

In order to create a playlist on Sporcle, you need to verify the email address you used during registration. Go to your Sporcle Settings to finish the process.

Report this User

Report this user for behavior that violates our Community Guidelines.

Details: